<?xml version="1.0" encoding="UTF-8"?>
<record
    xmlns:xsi="http://www.w3.org/2001/XMLSchema-instance"
    xsi:schemaLocation="http://www.loc.gov/MARC21/slim http://www.loc.gov/standards/marcxml/schema/MARC21slim.xsd"
    xmlns="http://www.loc.gov/MARC21/slim">

  <leader>01133    a2200217   4500</leader>
  <controlfield tag="001">63015</controlfield>
  <controlfield tag="005">20260407155924.0</controlfield>
  <controlfield tag="008">260407a2002    arg                 spa d</controlfield>
  <controlfield tag="003">AR-UNSa-BCEJYS</controlfield>
  <datafield tag="040" ind1=" " ind2=" ">
    <subfield code="a">AR-UNSa-BCEJYS</subfield>
    <subfield code="b">spa</subfield>
    <subfield code="c">AR-UNSa-BCEJYS</subfield>
  </datafield>
  <datafield tag="080" ind1=" " ind2=" ">
    <subfield code="a">343.8</subfield>
    <subfield code="x">Condena. Ejecuci&#xF3;n de la sentencia. Cumplimiento de la pena. Prevenci&#xF3;n del delito (Instituciones penitenciarias)</subfield>
  </datafield>
  <datafield tag="245" ind1="1" ind2="0">
    <subfield code="a">Las c&#xE1;rceles argentinas de anta&#xF1;o</subfield>
    <subfield code="p">(Siglos XVIII y XIX). Teor&#xED;a y realidad</subfield>
  </datafield>
  <datafield tag="020" ind1=" " ind2=" ">
    <subfield code="a">978-950-894-339-2</subfield>
  </datafield>
  <datafield tag="264" ind1=" " ind2="1">
    <subfield code="a">Buenos Aires :</subfield>
    <subfield code="b">AD-HOC</subfield>
    <subfield code="c">2002</subfield>
  </datafield>
  <datafield tag="300" ind1=" " ind2=" ">
    <subfield code="a">479 p.</subfield>
    <subfield code="c">23 cm.</subfield>
  </datafield>
  <datafield tag="505" ind1=" " ind2=" ">
    <subfield code="a">1. La c&#xE1;rcel tradicional - 2. El moderno sistema penitenciario &#x2013; 3. Marco jur&#xED;dico &#x2013; 4. Estructura edilicia &#x2013; 5. Ingreso en la c&#xE1;rcel &#x2013; 6. Quienes mandaban y como trataban a los presos &#x2013; 7. Sociabilidad carcelaria &#x2013; 8. Alimentaci&#xF3;n, vestuario, salud &#x2013; 9. Del ocio al trabajo &#x2013; 10. Religi&#xF3;n y escuela &#x2013; 11. R&#xE9;gimen econ&#xF3;mico &#x2013; 12. El control: la visita de c&#xE1;rcel &#x2013; 13. Salida de la c&#xE1;rcel -</subfield>
  </datafield>
  <datafield tag="041" ind1=" " ind2=" ">
    <subfield code="a">spa</subfield>
  </datafield>
  <datafield tag="942" ind1=" " ind2=" ">
    <subfield code="c">BK</subfield>
  </datafield>
  <datafield tag="590" ind1=" " ind2=" ">
    <subfield code="a">niveau_biblio:m niveau_hierar:0</subfield>
  </datafield>
  <datafield tag="100" ind1="1" ind2=" ">
    <subfield code="a">Levaggi, Abelardo</subfield>
  </datafield>
  <datafield tag="999" ind1=" " ind2=" ">
    <subfield code="c">7917</subfield>
    <subfield code="d">7917</subfield>
  </datafield>
  <datafield tag="952" ind1=" " ind2=" ">
    <subfield code="0">0</subfield>
    <subfield code="1">0</subfield>
    <subfield code="4">0</subfield>
    <subfield code="7">0</subfield>
    <subfield code="a">BCEJYS</subfield>
    <subfield code="b">BCEJYS</subfield>
    <subfield code="c">16</subfield>
    <subfield code="d">2026-04-07</subfield>
    <subfield code="l">0</subfield>
    <subfield code="o">343.8 L655</subfield>
    <subfield code="p">L87305</subfield>
    <subfield code="r">2026-04-07 15:59:24</subfield>
    <subfield code="w">2026-04-07</subfield>
    <subfield code="y">L</subfield>
  </datafield>
</record>
